| 000 | 00868nam a2200217Ia 4500 | ||
|---|---|---|---|
| 999 |
_c49230 _d49230 |
||
| 001 | 16142 | ||
| 003 | GE_BSU | ||
| 005 | 20241226113744.0 | ||
| 008 | 181216s2015||||ru |||||||||||||| ||rus|| | ||
| 040 | _cGE_BSU | ||
| 080 | _a94(=221.18)(479.22) O-728 | ||
| 245 |
_cАвтор проекта Омар Гогиашвили ; Научн. ред. Мариам Лорткипанидзе. _aОсетины Грузии : _bСборник / |
||
| 264 |
_aТбилиси : _bУниверсал, _c2015. |
||
| 300 |
_a398 стр. : _b5 л. карт., 10 л. табл. ; _c20 см. |
||
| 500 | _aწიგნს ახლავს დანართი | ||
| 500 | _aბიბლიოგრაფია სტატიების ბოლოს | ||
| 653 | _aОсетины Грузии | ||
| 653 | _aСборник | ||
| 653 | _aისტორია | ||
| 942 |
_cBK _2udc |
||